Capital Budgeting (Record no. 3190)

MARC details
000 -LEADER
fixed length control field 00387nam a22001697a 4500
005 - DATE AND TIME OF LATEST TRANSACTION
control field 20180719130256.0
008 - FIXED-LENGTH DATA ELEMENTS--GENERAL INFORMATION
fixed length control field 160620b xxu||||| |||| 00| 0 eng d
020 ## - INTERNATIONAL STANDARD BOOK NUMBER
ISBN 81-7629-622-8
041 ## - LANGUAGE CODE
Language code of text/sound track or separate title eng
082 ## - DEWEY DECIMAL CLASSIFICATION NUMBER
Item number 8335
Classification number 658.154
100 ## - MAIN ENTRY--AUTHOR NAME
Personal name Bedi, Anjana
245 ## - TITLE STATEMENT
Title Capital Budgeting
260 ## - PUBLICATION, DISTRIBUTION, ETC. (IMPRINT)
Name of publisher Deep and Deep
300 ## - PHYSICAL DESCRIPTION
Number of Pages 119p,
650 ## - SUBJECT ADDED ENTRY--TOPICAL TERM
Topical Term Management
942 ## - ADDED ENTRY ELEMENTS (KOHA)
Koha item type Books
Holdings
Lost status Damaged status Collection code Home library Current library Shelving location Date acquired Cost, normal purchase price Full call number Accession Number Koha item type
    MANAGEMENT JRU Library JRU Library SHELF-72-A 20/06/2016 300.00 658.154 8335 Books
    MANAGEMENT JRU Library JRU Library SHELF-72-A 20/06/2016 300.00 658.154 8336 Books
    MANAGEMENT JRU Library JRU Library SHELF-72-A 20/06/2016 300.00 658.154 8337 Books
    MANAGEMENT JRU Library JRU Library SHELF-72-A 20/06/2016 300.00 658.154 8338 Books
    MANAGEMENT JRU Library JRU Library SHELF-72-A 20/06/2016 300.00 658.154 8339 Books
    MANAGEMENT JRU Library JRU Library SHELF-72-A 20/06/2016 300.00 658.154 8340 Books
    MANAGEMENT JRU Library JRU Library SHELF-72-A 20/06/2016 300.00 658.154 8341 Books
    Reference JRU Library   SHELF-29-H 20/06/2016 300.00 658.154 8342 Books